书目信息 |
| 题名: |
当今中国特大跨国犯罪案揭秘
|
|
| 作者: | 杨永启 著 | |
| 分册: | 下 | |
| 出版信息: | 长春 吉林文史出版社 2007.09 |
|
| 页数: | 163页 | |
| 开本: | 22cm | |
| 丛书名: | ||
| 单 册: | ||
| 中图分类: | D924.305 , I25 | |
| 科图分类: | ||
| 主题词: | 报告文学--bao gao wen xue--中国--现代--选集 , 刑事犯罪--xing shi fan zui--案例--中国--现代 | |
| 电子资源: | ||
| ISBN: | 978-7-80528-689-1 | |
| 000 | 00860nam0 2200241 450 | |
| 001 | 012007958223 | |
| 005 | 20081225150337.23 | |
| 010 | @a978-7-80528-689-1@dCNY46.50 | |
| 100 | @a20071013d2007 km y0chiy0120 ea | |
| 101 | 0 | @achi |
| 102 | @aCN@b220000 | |
| 105 | @ay z 000zy | |
| 200 | 1 | @a当今中国特大跨国犯罪案揭秘@Adang jin zhong guo te da kua guo fan zui an jie mi@f杨永启著@Fyang yong qi zhu@h下 |
| 210 | @a长春@c吉林文史出版社@d2007.09 | |
| 215 | @a163页@d22cm | |
| 330 | @a本书内容介绍了:黑手伸向中国大陆——境外黑社会渗透大陆,金钱挟裹生命一同冒险——走私和贩毒大写意等内容。 | |
| 606 | 0 | @a报告文学@Abao gao wen xue@y中国@z现代@j选集 |
| 606 | 0 | @a刑事犯罪@Axing shi fan zui@x案例@y中国@z现代 |
| 690 | @aD924.305@v4 | |
| 690 | @aI25@v4 | |
| 701 | 0 | @a杨永启@Ayang yong qi@4著 |
| 801 | 0 | @aCN@bRULIN@c20081225 |
| 905 | @aZUCC@dI25@eY325:2 | |
| 当今中国特大跨国犯罪案揭秘/杨永启著.下.-长春:吉林文史出版社,2007.09 |
| 163页;22cm |
| ISBN 978-7-80528-689-1:CNY46.50 |
| 本书内容介绍了:黑手伸向中国大陆——境外黑社会渗透大陆,金钱挟裹生命一同冒险——走私和贩毒大写意等内容。 |
| ● |
| 相关链接 |
|
|
|
正题名:当今中国特大跨国犯罪案揭秘
索取号:I25/Y325:2
 
预约/预借
| 序号 | 登录号 | 条形码 | 馆藏地/架位号 | 状态 | 备注 |